000 00803nam a2200217 a 4500
008 120416s1982 ||||||||||||||||| || u
020 _a043531601X
050 _aDK 274 Moo
100 _aMooney, Peter J
245 1 4 _aThe Soviet superpower
246 _athe Soviet union 1945-80
260 _aLondon ;
_bHeinemann Educational
_c1982.
300 _avii, 210p. : ill.
350 _a0.00
490 _aStudies in modern history
490 _vStudies in modern history (Heinemann Educational Books)
500 _aBibliography.
650 _aSoviet Union - Foreign relations - 1945-1991
650 _aSoviet Union - History
995 _D0.00
_FCBU-MAIN LIBRARY (Kitwe)
_H1
_I10.50
_M1
_UAVAILABLE
_WJun 21, 2006
_ZMain Library Open Access Collection
999 _c58017
_d58017